Deadliest Battles in History - Statistics

General Stats
  • This quiz has been taken 14 times
  • The average score is 6 of 15
Answer Stats
War Death Toll Battle % Correct
WWII 4,172,000 Battle of Stalingrad
100%
WWII 4,000,000 Siege of Leningrad
92%
WWII 1,286,367 Battle of Berlin
69%
Third Punic War 200,000 Siege of Carthage
62%
WWII 761,783 Battle of Kiev
46%
Second Sino-Japanese War 426,140 Battle of Shanghai
38%
Crimean War 230,000 First Siege of Sevastopol
38%
WWII 236,437 Second Siege of Sevastopol
38%
Franco-Prussian War 332,142 Siege of Paris
38%
WWII 206,000 Siege of Warsaw
38%
Mithridatic Wars 200,000 Siege of Athens and Piraeus
15%
WWII 422,000 Siege of Budapest
8%
Second Sino-Japanese War 200,000 Battle of Xinkou
0%
WWII 662,847 First Battle of Voronezh
0%
WWI 253,000 Siege of Przemsl
0%
No matching quizzes found
Score Distribution
Percent of People with Each Score
Percentile by Number Answered
Your Score History
You have not taken this quiz